Biblioteca

The archeology of the New Testament (Registro nro. 45522)

Detalles MARC
000 -LÍDER
Campo fijo de descripción fija 01169nam a22003137a 4500
001 - NÚMERO DE CONTROL
Campo de control 19149
003 - IDENTIFICADOR DEL NÚMERO DE CONTROL
Campo de control CO-MdFUSB
005 - FECHA Y HORA DE LA ULTIMA TRANSACCIÓN
control field 20190202100513.0
008 - ELEMENTOS DE LONGITUD FIJA -- INFORMACIÓN GENERAL
Campo fijo de descripción fija -- Información general 171117t1981 xxu||||| |||| 00| 0 eng d
020 ## - NÚMERO INTERNACIONAL NORMALIZADO PARA LIBROS
Número Internacional Normalizado del libro 0-86531-064-5
040 ## - FUENTE DE CATALOGACIÓN
Agencia de catalogación original CO-MdFUSB
Idioma de catalogación spa
Agencia que realiza la transcripción CO-MdFUSB
Agencia que realiza la modificación CO-MdFUSBC
Convenciones de la descripción rda
041 ## - CÓDIGO DE IDIOMA
Código de idioma para texto/pista de sonido o título separado eng
082 04 - NÚMERO DE CLASIFICACIÓN DECIMAL DEWEY
Número de clasificación G 225.93 F35a
100 1# - ASIENTO PRINCIPAL--NOMBRE PERSONAL
Nombre personal Finegan, Jack
Término relacionador autor
245 14 - TÍTULO
Título del Material The archeology of the New Testament
Parte restante del título - Subtitulo : The Mediterranean world of the early Christian apostles
Mención de responsabilidad, etc. / Jack Finegan
264 #4 - PRODUCCIÓN, PUBLICACIÓN, DISTRIBUCIÓN, MANUFACTURA, Y COPYRIGHT
Lugar de producción, publicación, distribución, manufactura Boulder, Colorado :
Nombre del productor, publicador, distribuidor Westview Press,
Fecha de producción, publicación, distribución, manufactura, o copyright ©1981
300 ## - DESCRIPCIÓN FÍSICA
Extensión xxxii, 250 páginas
336 ## - TIPO DE CONTENIDO
Fuente rdacontent
Término de tipo de contenido texto
Código de tipo de contenido txt
337 ## - TIPO DE MEDIO
Fuente rdamedia
Nombre del tipo de medio sin mediación
Código del tipo de medio n
338 ## - TIPO DE SOPORTE
Fuente rdacarrier
Nombre del tipo de soporte volumen
Código Tipo de soporte nc
501 ## - NOTA DE “CON”
Nota de Contenido Pasta dura
505 00 - NOTA DE CONTENIDO
Nota de contenido con formato preestablecido Fuentes - Historia cronológica - Inicios - Primer viaje misionero (A.D. 47-48) - Segundo viaje misionero (A.D. 49-51) - Tercer viaje misionero (A.D. 51-54) - Viaje naufragio (A.D. 56-57) - En Roma (A.D. 57-59)
650 #0 - ASIENTO SECUNDARIO DE MATERIA - TERMINO TEMÁTICO
Término temático o nombre geográfico como elemento de entrada Antiguedades cristianas
9 (RLIN) 1057
650 #0 - ASIENTO SECUNDARIO DE MATERIA - TERMINO TEMÁTICO
Término temático o nombre geográfico como elemento de entrada Historia de la Iglesia
9 (RLIN) 153
653 ## - TÉRMINO DE INDIZACIÓN - NO CONTROLADO
Término no controlado Arqueología Bíblica
653 ## - TÉRMINO DE INDIZACIÓN - NO CONTROLADO
Término no controlado Biblia N.T.
653 ## - TÉRMINO DE INDIZACIÓN - NO CONTROLADO
Término no controlado Historia - Fuentes
942 ## - TIPO DE MATERIAL (KOHA)
Tipo de Item KOHA Libros General
Existencias
Estado de Material Estado de Perdido Estado de Dañado No para Préstamo Colección Tomo Biblioteca de Origen Biblioteca Permanente Fecha de Adquisición Total de Préstamos Signatura Topográfica Código de Barras Última vez visto Ejemplar/Existencia Fecha de Remplazo Tipo de Material
        Colección General   Biblioteca FUSBC Biblioteca FUSBC 09/03/2015   G 225.93 F35a 19177 05/08/2023 1 26/01/2016 Libros General

Biblioteca FUSBC | Teléfono: (57+4) 349 88 10 Ext. 141| WhatsApp (+57) 3005338115 
E-mail: biblioteca@unisbc.edu.co | Calle 76 87-14 Robledo Palenque, Medellín, Colombia

Con tecnología Koha